000 01202nam0a22002891 4500
001 rc\534455
005 20250621122658.0
010 _a5-282-00028-8
_911000
035 _a(NLR Aleph) 005772111
090 _a5042386
_c5042386
100 _a20030616d1988 |||y0rusy50 ca
101 0 _arus
102 _aRU
105 _ay |||||||||
200 1 _aСтраны СЭВ. Прямые связи между хозяйственными организациями
_f[О.Д. Баковецкий и др. (СССР), К. Моргенштерн и др. (ГДР), Г. Куцнер и др (ПНР) и др.]
_gПод ред. Ю.С. Ширяева, О.Д. Баковецкого
210 _aМ.
_cЭкономика
_d1988
215 _a149, [2] с.
_d21
300 _aАвт. указаны на обороте тит. л.
300 _aИзд. подгот. совместно с ГДР, ПНР, НРБ
702 1 _aБаковецкий
_bО.Д.
_gОлег Дмитриевич
_4220
702 1 _aШиряев
_bЮ.С.
_f1932-1989
_gЮрий Семенович
_4340
801 0 _aRU
_bNLR
_gpsbo
801 1 _aRU
_bELAR
_2rusmarc
852 _aNLR
_j88-3/6849
942 _cBOOK
980 _aNB